Etnikai arányokat megváltoztató telepítés folyik Dél-Szlovákiában? megkérdeztük Kvarda Józsefet, az Együttélés alelnökét

Bibliographic Details
Main Authors: (ngyr) (ain), Kvarda, József, 1949- (Author, uin)
Format: Article
Language:Hungarian
Subjects:

MARC

LEADER 00000nab a2200000 a 4500
001 vtls000662890
003 SK-MaSNL
005 20260319075708.0
008 160405c1998 xo 0 hun
015 |a SNBRA1998/05-14213 
035 |a CLN000015077 
040 |a SNKBUCL  |b slo  |c SNKBUCL  |e AACR2 
041 0 |a hun 
044 |a xo  |c SK 
080 |a 323.1(437.6):325.11  |2 1997 
080 |a 325.11  |2 1997 
100 0 |a (ngyr)  |4 ain  |9 895650 
245 1 0 |a Etnikai arányokat megváltoztató telepítés folyik Dél-Szlovákiában?  |b megkérdeztük Kvarda Józsefet, az Együttélés alelnökét  |c [kérdezett] (ngyr) 
650 0 7 |a národnostne zmiešané územia  |z Slovensko, južné  |x presídľovanie  |2 snkbucl  |9 14412 
651 7 |a Slovensko južné  |2 snkbucl  |9 161138 
655 7 |a články z novín a časopisov  |2 snkbucl  |9 267496 
700 1 |a Kvarda, József,  |d 1949-  |4 aut  |4 uin  |9 109099 
773 0 |t Szabad újság  |g Roč. 6, č. 13 (1998), s. 5 
850 |a Slovenská národná knižnica v Martine 
852 |a SNK  |b KIS3GCP 
958 |a HU 
958 |a SK 
958 |a RBX 
999 |c 1419713  |d 1421643